000 00297nam a2200133Ia 4500
008 191201s2013 xx 000 0 und d
100 _aSUBRAMANYA, K
245 0 _aEngineering Hydrology
250 _aRep
260 _c2013
_bTMG
_aNew Delhi
300 _a534
650 _aCIVIL
942 _2ddc
_cBB
999 _c7620
_d7620